Loading...
| History - American History | 3 | 5 | 0 | 0 | 95 | 57 | 82.63 | 7 | 8 |
| History - World History | 1 | 5 | 0 | 1 | 65 | 27 | 87.33 | 3 | 6 |
| History - Euro History | 0 | 4 | 0 | 1 | 40 | 80 | 97.75 | 1 | 4 |
| History - Other History | 1 | 2 | 0 | 0 | 35 | 35 | 75.33 | 3 | 3 |
| Beliefs - Religion | 0 | 3 | 0 | 0 | 30 | 95 | 97.67 | 3 | 3 |
| Beliefs - Mythology | 0 | 3 | 0 | 1 | 30 | 115 | 123.00 | 1 | 3 |
| Other - Geo/CE | 1 | 1 | 1 | 0 | 20 | 54 | 71.50 | 1 | 2 |
| Other - Pop Culture | 0 | 2 | 0 | 0 | 20 | 73 | 98.00 | 1 | 2 |
| Thought - Social Science | 0 | 1 | 0 | 0 | 10 | 122 | 122.00 | 0 | 1 |
| Literature - American Lit | 0 | 1 | 0 | 0 | 10 | 80 | 80.00 | 0 | 1 |
| Literature - British Lit | 0 | 1 | 0 | 0 | 10 | 120 | 120.00 | 0 | 1 |
| Literature - World Lit | 0 | 1 | 0 | 0 | 10 | 132 | 132.00 | 0 | 1 |
| Other - Other Academic | 0 | 1 | 0 | 0 | 10 | 108 | 108.00 | 0 | 1 |
| Science - Biology | 0 | 1 | 0 | 0 | 10 | 84 | 84.00 | 1 | 1 |
| Arts - Painting | 0 | 1 | 0 | 0 | 10 | 118 | 118.00 | 0 | 1 |